000 00565nam a2200193 a 4500
001 20332
003 CO-ViMGA
008 141112s2004 ck r 000 u spa d
020 _a9505116365
040 _aCO-ViMGA
_bspa
_cCO-ViMGA
082 0 4 _aWALs
100 1 _aWalsh, María Helena
_929361
245 1 0 _aEl reino al reves
260 _aBuenos Aires :
_bAlfaguara,
_c2001
300 _a90p
590 _aForma de adquisición : Premio Min Cultura - - Precio : 11635 - - Fecha de adquisición : Febrero 2005
650 1 4 _aPOESIA INFANTIL
_91029
942 _2ddc
_cBK
999 _c29341
_d29341